000 00337nam a2200121Ia 4500
008 231129s9999||||xx |||||||||||||| ||spa||
020 _a84-205-3215-0
082 _a658.314 J42c
100 _aJay Ros
245 0 _aCambiarse de trabajo
264 _aMadrid EspaƱa : Prentice Hall
942 _2ddc
_cBKS
999 _c6494
_d6494